[Event "BRA-ch 87th"]
[Site "Cuiaba"]
[Date "2021.11.01"]
[Round "7"]
[White "Nunes, Sidney Jr"]
[Black "Rodrigues Mota, Romulo Cardoso S"]
[Result "1-0"]
[WhiteElo "2084"]
[BlackElo "1759"]
[PlyCount "109"]
[EventDate "2021.10.28"]
[EventType "swiss"]
[EventRounds "11"]
[EventCountry "BRA"]
[SourceTitle "CBM 205 Extra"]
[Source "ChessBase"]
[SourceDate "2022.01.31"]
[SourceVersion "1"]
[SourceVersionDate "2022.01.31"]
[SourceQuality "1"]

1. e4 c5 2. Nf3 Nc6 3. Bb5 g6 4. 0-0 Bg7 5. c3 e5 6. Re1 Nge7 7. a4 0-0 8. Na3 a6 9. Bc4 d5 10. exd5 Nxd5 11. h3 Bf5 12. d3 Nb6 13. Be3 Nxc4 14. dxc4 Qe7 15. Qd5 Rfd8 16. Qxc5 Qxc5 17. Bxc5 Rd3 18. Be3 Rad8 19. Kf1 e4 20. Ng1 Be6 21. Ne2 Ne5 22. Nf4 Nxc4 23. Nxd3 Nxe3+ 24. Rxe3 exd3 25. Rd1 d2 26. Ke2 Bb3 27. Rxd2 Rxd2+ 28. Kxd2 Bh6 29. a5 Kf8 30. Kd3 Bxe3 31. Kxe3 Ke7 32. Kd4 Ke6 33. Nc4 f5 34. f4 h6 35. h4 Bd1 36. Kc5 Be2 37. b4 Bf1 38. Ne3 Bd3 39. c4 Be4 40. g3 Bc6 41. Nd5 h5 42. Nc7+ Kd7 43. Nd5 Ke6 44. Nc3 Kd7 45. Ne2 Be4 46. Nd4 Bg2 47. b5 Be4 48. bxa6 bxa6 49. Kb6 Kd6 50. c5+ Kd5 51. c6 Kd6 52. c7 Kd7 53. Ne6 Bd5 54. Nf8+ Kc8 55. Nxg6 1-0

[Event "Florianopolis op 7th"]
[Site "Florianopolis"]
[Date "2021.01.18"]
[Round "1"]
[White "Nunes, Sidney Jr"]
[Black "Peroza, Eduardo Antunes"]
[Result "0-1"]
[WhiteElo "2080"]
[BlackElo "1799"]
[PlyCount "98"]
[EventDate "2021.01.18"]
[EventType "swiss"]
[EventRounds "10"]
[EventCountry "BRA"]
[SourceTitle "CBM 200 Extra"]
[Source "ChessBase"]
[SourceDate "2021.03.31"]
[SourceVersion "1"]
[SourceVersionDate "2021.03.31"]
[SourceQuality "1"]

1. e4 c5 2. Nf3 e6 3. d4 cxd4 4. Nxd4 a6 5. Nc3 Qc7 6. Be2 Nf6 7. 0-0 b5 8. a3 Bb7 9. Bf3 d6 10. Re1 Nbd7 11. g3 Be7 12. Bg2 0-0 13. f4 Rfe8 14. h3 Rad8 15. Kh2 Bf8 16. Be3 Nc5 17. Bg1 e5 18. Nf5 exf4 19. Bd4 Nfxe4 20. Nxe4 Bxe4 21. Bxe4 Rxe4 22. Rxe4 Nxe4 23. gxf4 d5 24. Be5 Qc5 25. Bd4 Qc7 26. Be5 Qc8 27. Ne3 d4 28. Bxd4 Nf2 29. Qf3 Rxd4 30. Qxf2 Bc5 31. Rg1 g6 32. b4 Ba7 33. Rg3 Re4 34. Qd2 Bxe3 35. Rxe3 Rxe3 36. Qxe3 Qxc2+ 37. Kg3 Qb2 38. Kf3 Qf6 39. Qd3 Kg7 40. Qe3 g5 41. Qe5 Qxe5 42. fxe5 f5 43. Ke3 Kf7 44. Kd4 Ke6 45. Kc5 f4 46. Kd4 h5 47. Ke4 f3 48. Kxf3 Kxe5 49. Kg3 Ke4 0-1

[Event "Florianopolis Regional STD op"]
[Site "Florianopolis"]
[Date "2018.10.14"]
[Round "6"]
[White "Menna Barreto, Felipe Kubiaki"]
[Black "Nunes, Sidney Jr"]
[Result "1-0"]
[WhiteElo "2339"]
[BlackElo "2060"]
[PlyCount "113"]
[EventDate "2018.10.12"]
[EventType "swiss"]
[EventRounds "6"]
[EventCountry "BRA"]
[SourceTitle "CBM 186 Extra"]
[Source "ChessBase"]
[SourceDate "2018.08.24"]
[SourceVersion "1"]
[SourceVersionDate "2018.08.24"]
[SourceQuality "1"]

1. Nf3 Nf6 2. d4 e6 3. Bg5 d5 4. Nbd2 Be7 5. e3 c5 6. c3 Nc6 7. Bd3 b6 8. 0-0 Bb7 9. Qe2 h6 10. Bh4 0-0 11. Ne5 Nxe5 12. dxe5 Ne4 13. Bxe7 Qxe7 14. Rad1 Nxd2 15. Rxd2 Rad8 16. Rfd1 f6 17. Qh5 fxe5 18. Qxe5 Qf6 19. Qxf6 Rxf6 20. e4 Kf8 21. exd5 Rxd5 22. Bc4 Rxd2 23. Rxd2 Ke7 24. f3 Bc6 25. Kf2 e5 26. Re2 Kd6 27. Ke3 Ke7 28. Kf2 Kd6 29. Bd3 Rf4 30. Rd2 Ke7 31. Ke3 g5 32. Rf2 Kd6 33. g3 Rf6 34. Be4 Bd7 35. Rd2+ Ke6 36. g4 Ke7 37. h4 Rd6 38. Rh2 gxh4 39. Rxh4 Be8 40. Rh1 Bf7 41. a3 a5 42. Rh2 Be8 43. Bf5 Bc6 44. Rh3 Rf6 45. Rh5 Kd6 46. Rh1 Ke7 47. Rh2 Kd6 48. b4 Kd5 49. bxa5 bxa5 50. Rb2 Kc4 51. Rb6 Kxc3 52. Be4 Bxe4 53. Rxf6 Bd3 54. Rxh6 c4 55. Rb6 Kc2 56. g5 c3 57. g6 1-0

[Event "Florianopolis Regional STD op"]
[Site "Florianopolis"]
[Date "2018.10.13"]
[Round "3"]
[White "Rodrigues, Edgar"]
[Black "Nunes, Sidney Jr"]
[Result "0-1"]
[WhiteElo "2334"]
[BlackElo "2060"]
[PlyCount "30"]
[EventDate "2018.10.12"]
[EventType "swiss"]
[EventRounds "6"]
[EventCountry "BRA"]
[SourceTitle "CBM 186 Extra"]
[Source "ChessBase"]
[SourceDate "2018.08.24"]
[SourceVersion "1"]
[SourceVersionDate "2018.08.24"]
[SourceQuality "1"]

1. e4 e5 2. Nf3 Nc6 3. d4 exd4 4. Nxd4 Bc5 5. Be3 Qf6 6. c3 Nge7 7. Bc4 d6 8. 0-0 Qg6 9. Kh1 Ne5 10. Be2 h5 11. f3 Bd7 12. c4 N7c6 13. Nc2 Nb4 14. Bxc5 Nxc2 15. Bxd6 Ne3 0-1

[Event "Florianopolis Regional STD op"]
[Site "Florianopolis"]
[Date "2018.10.12"]
[Round "1"]
[White "Feller, Gabriela Luisa Vice"]
[Black "Nunes, Sidney Jr"]
[Result "0-1"]
[WhiteElo "1581"]
[BlackElo "2060"]
[PlyCount "76"]
[EventDate "2018.10.12"]
[EventType "swiss"]
[EventRounds "6"]
[EventCountry "BRA"]
[SourceTitle "CBM 186 Extra"]
[Source "ChessBase"]
[SourceDate "2018.08.24"]
[SourceVersion "1"]
[SourceVersionDate "2018.08.24"]
[SourceQuality "1"]

1. e4 e5 2. Nf3 Nc6 3. d4 exd4 4. Nxd4 Bc5 5. Be3 Qf6 6. c3 Nge7 7. f3 Bb6 8. Bc4 Ne5 9. Bb3 N7c6 10. 0-0 d6 11. Na3 Be6 12. Kh1 h5 13. Nxe6 fxe6 14. Bxb6 axb6 15. Nb5 0-0-0 16. Nd4 Rde8 17. Ba4 g5 18. Bb5 Kd7 19. Nxc6 bxc6 20. Be2 Ng6 21. Qd2 h4 22. Rad1 Nf4 23. Rfe1 Reg8 24. Qd4 e5 25. Qd2 Qf7 26. b3 Rf8 27. Bc4 Qf6 28. b4 b5 29. Bb3 h3 30. g3 Ng2 31. Rf1 g4 32. a4 gxf3 33. axb5 f2 34. bxc6+ Ke7 35. Qe2 Qf3 36. Rd2 Qxc3 37. Qc4 Qxc4 38. Bxc4 Ne3 0-1

[Event "Maringa Parana-ch"]
[Site "Maringa"]
[Date "2018.02.04"]
[Round "8"]
[White "Nunes, Sidney Jr"]
[Black "Cruz, William Ferreira Da"]
[Result "0-1"]
[WhiteElo "2054"]
[BlackElo "2248"]
[PlyCount "82"]
[EventDate "2018.01.31"]
[EventType "swiss"]
[EventRounds "8"]
[EventCountry "BRA"]
[SourceTitle "CBM 182 Extra"]
[Source "ChessBase"]
[SourceDate "2018.02.23"]
[SourceVersion "1"]
[SourceVersionDate "2018.02.23"]
[SourceQuality "1"]

1. Nf3 Nf6 2. d4 g6 3. g3 Bg7 4. Bg2 0-0 5. c4 d6 6. 0-0 Nbd7 7. Nc3 e5 8. e4 exd4 9. Nxd4 Re8 10. Re1 Nc5 11. h3 Bd7 12. Rb1 a5 13. b3 h6 14. Bb2 c6 15. Qd2 Qc7 16. Rbd1 Rad8 17. Qc2 h5 18. h4 Ng4 19. Bc1 Qb6 20. Nce2 a4 21. f3 axb3 22. axb3 Ne6 23. Qd3 Ne5 24. Qe3 Nc5 25. Kh1 f5 26. Qg5 fxe4 27. f4 Ned3 28. Qxg6 Bg4 29. f5 Rf8 30. Bh6 Qc7 31. Bg5 Rd7 32. Ne6 Bxf5 33. Qxf5 Rxf5 34. Nxc7 Nxe1 35. Bh3 Rf2 36. Rxe1 Rxc7 37. Nf4 Bc3 38. Rd1 e3 39. Rxd6 e2 40. Nxe2 Rxe2 41. Bf4 Rce7 0-1

[Event "Foz do Iguacu op 7th"]
[Site "Foz do Iguacu"]
[Date "2017.06.16"]
[Round "1"]
[White "Gonzalez Gauto, Victor"]
[Black "Nunes, Sidney Jr"]
[Result "0-1"]
[WhiteElo "1478"]
[BlackElo "2058"]
[PlyCount "100"]
[EventDate "2017.06.16"]
[EventType "swiss"]
[EventRounds "6"]
[EventCountry "BRA"]
[SourceTitle "EXT 2018"]
[Source "ChessBase"]
[SourceDate "2017.10.13"]
[SourceVersion "1"]
[SourceVersionDate "2017.10.13"]
[SourceQuality "1"]

1. d4 Nf6 2. c4 e6 3. Nf3 Bb4+ 4. Bd2 c5 5. Nc3 0-0 6. Qc2 d5 7. cxd5 exd5 8. a3 cxd4 9. Nxd4 Bc5 10. Nf3 Nc6 11. e3 d4 12. exd4 Nxd4 13. Nxd4 Qxd4 14. Be3 Qe5 15. Nd1 Bxe3 16. Nxe3 Nd5 17. Qd2 Rd8 18. Be2 Be6 19. 0-0 Nf4 20. Qe1 Qxb2 21. Bf3 Bd5 22. Nxd5 Nxd5 23. a4 Rab8 24. Rb1 Qa2 25. Qa5 b6 26. Qxa7 Ra8 27. Qb7 Rab8 28. Qc6 Ne7 29. Qc7 Nf5 30. Rxb6 Rbc8 31. Qf4 Nd4 32. Rb4 Rc4 33. Rxc4 Qxc4 34. Qe3 Qxa4 35. h3 g6 36. Rc1 Re8 37. Qc3 Re6 38. Kf1 h5 39. Qc8+ Kg7 40. Bd5 Rf6 41. Qc4 Qa7 42. Qc5 Qa4 43. Qc4 Qxc4+ 44. Rxc4 Nf5 45. Rc6 Ne3+ 46. Ke2 Nxd5 47. Rxf6 Kxf6 48. Kf3 g5 49. g3 Ke5 50. h4 g4+ 0-1

[Event "Foz do Iguacu op 7th"]
[Site "Foz do Iguacu"]
[Date "2017.06.16"]
[Round "2"]
[White "Nunes, Sidney Jr"]
[Black "Gatelli, Jacson Henrique"]
[Result "1-0"]
[WhiteElo "2058"]
[BlackElo "1883"]
[PlyCount "59"]
[EventDate "2017.06.16"]
[EventType "swiss"]
[EventRounds "6"]
[EventCountry "BRA"]
[SourceTitle "EXT 2018"]
[Source "ChessBase"]
[SourceDate "2017.10.13"]
[SourceVersion "1"]
[SourceVersionDate "2017.10.13"]
[SourceQuality "1"]

1. e4 e5 2. Nf3 Nc6 3. Bc4 Bc5 4. c3 Nf6 5. d4 exd4 6. e5 Ng4 7. Bxf7+ Kf8 8. cxd4 Bb4+ 9. Nc3 Nxf2 10. Kxf2 Kxf7 11. Rf1 g6 12. d5 Bc5+ 13. Be3 Bxe3+ 14. Kxe3 Na5 15. Ng5+ Kg7 16. Rf7+ Kh6 17. Nce4 Nc4+ 18. Kd4 b5 19. Qg4 c5+ 20. Nxc5 Qxg5 21. Qxg5+ Kxg5 22. Ne4+ Kh6 23. Raf1 Re8 24. Nf6 Rh8 25. b3 Nb6 26. Rf3 g5 27. Ng4+ Kh5 28. Ne3 Bb7 29. g4+ Kh4 30. h3 1-0

[Event "Parana-ch"]
[Site "Pirai do Sul"]
[Date "2017.02.04"]
[Round "6"]
[White "Da Silva, Daniel Leite"]
[Black "Nunes, Sidney Jr"]
[Result "1-0"]
[WhiteElo "1924"]
[BlackElo "2077"]
[PlyCount "77"]
[EventDate "2017.02.01"]
[EventType "swiss"]
[EventRounds "8"]
[EventCountry "BRA"]
[SourceTitle "CBM 176 Extra"]
[Source "ChessBase"]
[SourceDate "2017.03.02"]
[SourceVersion "1"]
[SourceVersionDate "2017.03.02"]
[SourceQuality "1"]

1. Nf3 Nf6 2. g3 e6 3. Bg2 d5 4. 0-0 c5 5. d3 Be7 6. Nbd2 Nc6 7. e4 0-0 8. Qe2 b6 9. c4 dxc4 10. dxc4 e5 11. h3 Be6 12. Rd1 Qc7 13. Nf1 Rad8 14. Bg5 Nd4 15. Nxd4 cxd4 16. Rac1 h6 17. Bd2 a5 18. f4 exf4 19. gxf4 d3 20. Qf3 Bxc4 21. Be3 b5 22. b3 Ba3 23. bxc4 Bxc1 24. Rxc1 bxc4 25. Bd2 Rfe8 26. e5 Nd5 27. Ne3 Nxe3 28. Qxe3 Rc8 29. Bd5 Qd7 30. Bxc4 Qa4 31. Qe4 Kh8 32. Bxd3 Rxc1+ 33. Bxc1 Qd1+ 34. Kf2 g6 35. Be3 Rb8 36. Bd4 Qd2+ 37. Kg3 Kh7 38. Bc4 Rb4 39. Bxf7 1-0

[Event "Parana-ch"]
[Site "Pirai do Sul"]
[Date "2017.02.03"]
[Round "5"]
[White "Nunes, Sidney Jr"]
[Black "Cruz, William Ferreira Da"]
[Result "0-1"]
[WhiteElo "2077"]
[BlackElo "2241"]
[PlyCount "74"]
[EventDate "2017.02.01"]
[EventType "swiss"]
[EventRounds "8"]
[EventCountry "BRA"]
[SourceTitle "CBM 176 Extra"]
[Source "ChessBase"]
[SourceDate "2017.03.02"]
[SourceVersion "1"]
[SourceVersionDate "2017.03.02"]
[SourceQuality "1"]

1. e4 e6 2. d4 d5 3. e5 c5 4. c3 Nc6 5. Nf3 Bd7 6. Be2 Nge7 7. 0-0 Qb6 8. dxc5 Qxc5 9. Be3 Qa5 10. Re1 Ng6 11. Bd4 Be7 12. g3 0-0 13. Bd3 f6 14. exf6 Nxd4 15. Nxd4 Rxf6 16. Nd2 Bd6 17. N2b3 Qb6 18. Qd2 e5 19. Bxg6 hxg6 20. Nc2 Be6 21. Ne3 d4 22. Nd1 Rd8 23. Qe2 Bd5 24. cxd4 exd4 25. Qd3 Bb4 26. Re5 Qd6 27. f4 Qb6 28. Nf2 Bf7 29. Ne4 Rc6 30. Rb5 Qa6 31. Nbd2 Bxd2 32. Nxd2 Bc4 33. Nxc4 Qxb5 34. b3 Qf5 35. Qd2 b5 36. Ne3 Qe4 37. Rd1 Re8 0-1

[Event "Florianopolis op 3rd"]
[Site "Florianopolis"]
[Date "2017.01.24"]
[Round "7"]
[White "Nunes, Sidney Jr"]
[Black "Reinaldo Dos Santos, Julio"]
[Result "1/2-1/2"]
[WhiteElo "2077"]
[BlackElo "1842"]
[PlyCount "122"]
[EventDate "2017.01.20"]
[EventType "swiss"]
[EventRounds "10"]
[EventCountry "BRA"]
[SourceTitle "CBM 176 Extra"]
[Source "ChessBase"]
[SourceDate "2017.03.02"]
[SourceVersion "1"]
[SourceVersionDate "2017.03.02"]
[SourceQuality "1"]

1. e4 d6 2. d4 Nf6 3. Bd3 e5 4. Nf3 Nc6 5. c3 Bg4 6. d5 Ne7 7. Nbd2 g6 8. h3 Bd7 9. Nc4 Bg7 10. Bg5 h6 11. Be3 0-0 12. Qd2 Kh7 13. g4 Ne8 14. Nh2 c6 15. dxc6 bxc6 16. f4 exf4 17. Bxf4 d5 18. Ne5 dxe4 19. Bxe4 Nd5 20. Bxd5 cxd5 21. Qxd5 Qh4+ 22. Kf1 Qxh3+ 23. Kf2 Nf6 24. Qf3 Qxf3+ 25. Kxf3 Be6 26. c4 Bc8 27. Kg2 g5 28. Bg3 Ne4 29. Nhf3 f6 30. Rhe1 Nxg3 31. Nd3 Bxg4 32. Kxg3 Bf5 33. Nc5 Rfe8 34. Nd4 Bg6 35. Nde6 Rac8 36. Rad1 Bf8 37. Nxf8+ Rxf8 38. Re7+ Rf7 39. Rdd7 Rxe7 40. Rxe7+ Kh8 41. b4 a5 42. a3 axb4 43. axb4 h5 44. Rd7 f5 45. Rd5 h4+ 46. Kh3 Re8 47. b5 Re3+ 48. Kh2 Re2+ 49. Kh3 Re3+ 50. Kh2 Re2+ 51. Kh3 Rb2 52. Ne6 Rb3+ 53. Kh2 g4 54. Nf4 Rb2+ 55. Kg1 Rb1+ 56. Kf2 g3+ 57. Kf3 Rb3+ 58. Kg2 Rb2+ 59. Kg1 Rb1+ 60. Kg2 Rb2+ 61. Kg1 Rb1+ 1/2-1/2

[Event "Florianopolis op 3rd"]
[Site "Florianopolis"]
[Date "2017.01.21"]
[Round "2"]
[White "Aranha Filho, Alvaro Zimmermann"]
[Black "Nunes, Sidney Jr"]
[Result "1-0"]
[WhiteElo "2306"]
[BlackElo "2077"]
[PlyCount "69"]
[EventDate "2017.01.20"]
[EventType "swiss"]
[EventRounds "10"]
[EventCountry "BRA"]
[SourceTitle "CBM 176 Extra"]
[Source "ChessBase"]
[SourceDate "2017.03.02"]
[SourceVersion "1"]
[SourceVersionDate "2017.03.02"]
[SourceQuality "1"]

1. d4 Nf6 2. c4 g6 3. Nc3 Bg7 4. e4 d6 5. f3 e5 6. Nge2 Nc6 7. Be3 exd4 8. Nxd4 0-0 9. Be2 Re8 10. 0-0 h6 11. Qd2 Kh7 12. Rad1 Be6 13. Nxe6 Rxe6 14. Qc2 Qe8 15. Nd5 Rc8 16. Rfe1 a5 17. Bf1 Ne5 18. h3 b6 19. Bf2 Ned7 20. a3 Ne5 21. b4 axb4 22. axb4 Qc6 23. f4 Ned7 24. b5 Qb7 25. Bd3 Nc5 26. Bxc5 bxc5 27. e5 dxe5 28. f5 Nxd5 29. fxe6 Nb4 30. Qb3 Nxd3 31. Rxd3 e4 32. Rd7 f5 33. Red1 e3 34. Rxg7+ Kxg7 35. Qb2+ 1-0